000 00582nam a2200193Ia 4500
005 20250326142251.0
008 250326s9999 xx 000 0 und d
020 _a0-471-84977-4
037 _aTextbook
040 _aFMSL
_beng
_cFMSL
041 _aeng
_2eng
084 _aX:51 M7
_qFMSL
100 _aSheth J N
_9371271
245 0 _aBringing innovation to market : How to break corporate and customer barriers
_cSheth J N; Ram S
260 _aNew York
_bNew York, Johan Wiley & Sons
_c1987
300 _a259p
942 _cTB
_hX:51 M7
999 _c1294209
_d1294209